ბათუმის შოთა რუსთაველის სახელმწიფო უნივერსიტეტის ბიბლიოთეკა

Автотракторные эксплуатационные материалы (ბიბ.ჩანაწერი № 35624)

000 -LEADER
fixed length control field 00763nam a2200217Ia 4500
001 - CONTROL NUMBER
control field 1492
003 - CONTROL NUMBER IDENTIFIER
control field GE_BSU
008 - FIXED-LENGTH DATA ELEMENTS--GENERAL INFORMATION
fixed length control field 181216s||||||||xx |||||||||||||| ||und||
040 ## - CATALOGING SOURCE
Transcribing agency GE_BSU
080 ## - UNIVERSAL DECIMAL CLASSIFICATION NUMBER
Universal Decimal Classification number 631.3004(075.3)
100 ## - MAIN ENTRY--PERSONAL NAME
Personal name Итинская,Н.И. Кузнецов Н.А.
245 ## - TITLE STATEMENT
Title Автотракторные эксплуатационные материалы
245 ## - TITLE STATEMENT
Remainder of title Учебное пособие для сельских профессионально технических училищ.
260 ## - PUBLICATION, DISTRIBUTION, ETC.
Place of publication, distribution, etc. Москва
260 ## - PUBLICATION, DISTRIBUTION, ETC.
Name of publisher, distributor, etc. ,,Высшая школа,,
260 ## - PUBLICATION, DISTRIBUTION, ETC.
Date of publication, distribution, etc. 1978
300 ## - PHYSICAL DESCRIPTION
Extent 232 с. 19 см.
653 ## - INDEX TERM--UNCONTROLLED
Uncontrolled term Автотракторные эксплуатационные материалы
942 ## - ADDED ENTRY ELEMENTS (KOHA)
Koha item type წიგნი
ეგზემპლარები
Withdrawn status Lost status Damaged status Not for loan Date acquired Barcode Date last seen Price effective from Koha item type
        2018-12-17 2876 2018-12-17 2018-12-17 წიგნი